000
00327nam a2200133Ia 4500
003
OSt
005
20230727054038.0
008
170524s9999 xx 000 0 und d
040
_c
IIMT UNIVERSITY
100
_a
DESSELER- G
245
2
_a
A FRAME WORK FOR HUMAN RESOURCE MANAGEMENT
260
_b
CONCEPT PUB. CO.
942
_2
ddc
_c
02
999
_c
8014
_d
8014